000 00432nam a2200145Ia 4500
008 210716s2001 xx 000 0 und d
020 _a0130219193
041 _aeng
082 _a658.4012 MISM
100 _aMische, Michael A.
245 _aStrategic renewal: becoming a high-performance organization.
_bBecoming a high-performance organization.
250 _a1
260 _aNew Jersey
_bPrentice Hall
_c2001
300 _axii,275
999 _c200731
_d200731